| 000 | 00699 a2200217 4500 | ||
|---|---|---|---|
| 003 | Nust | ||
| 005 | 20221024101153.0 | ||
| 010 | _a 74010881 | ||
| 020 | _a0070173362 | ||
| 040 | _cNust | ||
| 082 | 0 | 0 | _a621.3,DOE |
| 100 | 1 | _aDoebelin, Ernest O. | |
| 245 | 1 | 0 |
_aMeasurement systems: _bapplication and design / _cErnest O. Doebelin. |
| 250 | _aRev. ed. | ||
| 260 |
_aNew York, _bMcGraw-Hill _c[1975] |
||
| 300 |
_axvi, 772 p. _billus. _c24 cm. |
||
| 505 | _aPart.1 General concepts (Page-2), Part.2 Measuring devices (Page-212), Part.3 Manipulation, transmission and reording of data (Page-604), | ||
| 650 | 0 | _aMeasuring instruments. | |
| 650 | 0 | _aPhysical measurements. | |
| 942 |
_2ddc _cBK |
||
| 999 |
_c185197 _d185197 |
||